Unamuno educador / Buenaventura Delgado Criado
Descripción Física:
278 p. : il. ; 23 cm
MARC
| LEADER | 00000nam a2200000Ia 4500 | ||
|---|---|---|---|
| 001 | 808 | ||
| 008 | 160829s1973 xx 000 0 cat d | ||
| 080 | |a E-1-168 | ||
| 100 | |a Delgado, Buenaventura |9 32780 | ||
| 245 | |a Unamuno educador / Buenaventura Delgado Criado | ||
| 260 | |a Madrid : |b Magisterio Español, |c 1973 | ||
| 300 | |a 278 p. : |b il. ; |c 23 cm | ||
| 490 | |a Biblioteca de ciencias de la educación. Serie histórica | ||
| 590 | |a Bibliografia p. 259-266 | ||
| 650 | |a Unamuno, Miguel de |x Crítica i interpretació |9 31841 | ||
| 901 | |a Arxiu | ||
| 942 | |n 1 | ||
| 952 | |0 0 |1 0 |4 0 |6 E1168 |7 1 |9 45772 |a Arxiu |b Arxiu |d 2016-12-01 |l 0 |o E-1-168 |p 808 |r 2016-12-01 00:00:00 |w 2016-12-01 |y ARXIU | ||
| 999 | |c 49272 |d 49272 | ||